Campeões da Libertadores A-Z - Statistics

Estatísticas Gerais
  • Esse quiz foi jogado 295 vezes
  • A pontuação média é 13 de 14
Estatísticas das Respostas
Letra Resposta % Correto
C CruzeiroColo Colo Corinthians
98%
F Flamengo
98%
I IndependienteInternacional
98%
A Argentinos JuniorsAtletico Nacional Atlético Mineiro
97%
P PeñarolPalmeiras
97%
S SantosSão Paulo San Lorenzo
97%
B Boca Juniors
96%
R Racing ClubRiver Plate
96%
G Grêmio FBPA
92%
V Vélez SarsfieldVasco da Gama
92%
E Estudiantes
89%
O OlimpiaOnce Caldas
86%
N Nacional
85%
L LDU Quito
66%
Nenhum quiz correspondente encontrado
Distribuição das Pontuações
Porcentagem de Pessoas com Cada Pontuação
Percentil de Números Respondidos
Sua Pontuação Histórica
Você não jogou esse quiz